000 00735nam a22002177a 4500
999 _c17409
_d17409
003 AR-CdUCM
008 190508b ||||| |||| 00| 0 spa d
040 _aMUNICIPALIDAD PROVINCIAL DEL CUSCO
_cBIBLIOTECA MUNICIPAL DEL CUSCO
082 _a621.4 /
_bP48
100 _aPetit, E.
_937406
245 _aEl motor de explosión :
_bMotores de cuatro y de dos tiempos - motores diesel turbinas de gas - motor wankel /
260 _aBarcelona :
_bGustavo gili,
_c1971.
300 _a444 paginas ;
_bIlustraciones, graficos, dibujos,
_c19 cm.
500 _aMotor
650 _aMotor
_920615
650 _aMecanica
_919257
700 _aMohr, J
_937407
700 _aRovira, Luis
_937408
942 _2ddc
_cLIBROS
945 _apjha
_d2019-05-08